| 000 | 00637nam a22001817a 4500 | ||
|---|---|---|---|
| 999 |
_c190393 _d190393 |
||
| 005 | 20220722164905.0 | ||
| 010 | _aENG-133900 | ||
| 020 |
_a9788173055263 _c695.00 |
||
| 035 | _aEN-117432 | ||
| 037 | _bDBAD/PUB | ||
| 082 | _a303.60954 | ||
| 100 | _aChakrabarti, Dilip K. | ||
| 245 |
_aNation First: _bEssays in the politics of Ancient Indian studies/ _cDilip k. Chakrabarti |
||
| 260 |
_aNew Delhi _bAryan books international _c2014 |
||
| 270 |
_aPooja apartment, 4B, ansari road _bNew Delhi _e110002 _k23287589 _maryanbooks@gmail.com |
||
| 300 |
_axviii,312p. _c22cm(hbk) _bIndex |
||
| 942 |
_2ddc _cEN _h930.1072054 _mCHA |
||